000 01862nam0a22006851 4500
001 RU\NLR\A1SV\17450
005 20260225112254.1
035 _a(NLR Aleph) 009702571
090 _a9793068
_c9793068
100 _a19991202d1923 u y0rusy50 ca
101 1 _arus
_cger
102 _aRU
200 1 _aОт бирки до азбуки
_fКарл Вейлэ
_gПер. с нем. под ред. проф. Д.Н.Анучина
210 _aМ.
_aПг.
_cГос. изд-во
_d1923
215 _a152 с.
_cил.
_d18 см
225 _aКульт.-ист. б-ка
_v12
620 _dМосква
620 _dСанкт-Петербург
700 1 _6z01790
_aВейле
_bК.
_f1864-1926
_gКарл
_4070
702 1 _aАнучин
_bД. Н.
_f1843-1923
_gДмитрий Николаевич
_4070
790 1 _6z01700
_aВейлэ
_bК.
_gКарл
_4070
801 0 _aRU
_bNLR
_c19991202
852 _aNLR
_j38.19.5.44(12)
852 _aNLR
_j128/4266
852 _aNLR
_jБ К1075/В-264
899 _aИОНБ
899 _aУОНБ
899 _aКирОУНБ
899 _aМГУ
899 _aРГБ
899 _aСамОУНБ
899 _aПОУБ
899 _aНБ ННГУ
899 _aНГОУНБ
899 _aНБ Бел.
899 _aНБ РМолд.
899 _aТОУНБ
899 _aИОГУНБ
899 _aNLG
899 _aРКП
899 _aВСИАХМЗ
899 _aАКУНБ
899 _aНБУВ
899 _aГИМ
899 _aГПИБ
899 _aАОНБ
899 _aОИАК
899 _aГОПБ
899 _aПГПБ
899 _aСПбГУ
899 _aНБ ЧР
899 _aБАН
899 _aNLI
899 _aНБЛ КГУ
899 _aВладОУНБ
942 _cBOOK
980 _aNB
980 _aA1SV
980 _aA1SV